000 00420nam a2200181Ia 4500
001 1482
005 20260306143731.0
008 260306t1961||||xx |||||||||||||| ||spa||
041 _aESP
082 _a150.195
_bK65
100 _aRiggs Center, Austen
_eAUT
245 0 _aTeoría psicoanalítica
260 _c1961
300 _a217 páginas :
_c20 cm.
650 _aGEN
654 _aCPS
942 _cLIB
_dJUS
_fJUS
_2ddc
_n
999 _c1482
_d1482